| 000 | 00680nam a22002177a 4500 | ||
|---|---|---|---|
| 003 | OSt | ||
| 005 | 20241114140314.0 | ||
| 008 | 241114b |||||||| |||| 00| 0 eng d | ||
| 020 | _a9780618753536 | ||
| 040 | _c. | ||
| 050 |
_aQA152.3 _b.L373 |
||
| 100 | _aLarson, Ron | ||
| 245 |
_aElementary Algebra/ _cRon Larson, Robert Hostetler; assisted by Patrick M. Kelly _binstructor's annotated edition |
||
| 250 |
_a4th Ed. _bstudent support edition |
||
| 260 |
_aBoston _bHoughton Mifflin Company _c2008 |
||
| 300 |
_aviii. various pagings _bill. some color _c26cm |
||
| 650 | _2Algebra | ||
| 700 | _aHostetler, Robert | ||
| 700 | _aKelly, Patrick M. | ||
| 942 |
_2lcc _cBK _e4th Ed. _n0 |
||
| 999 |
_c1198 _d1198 |
||